1918 1431 1390 1552 1945 1727 1700 1508 1917 1202 1135 1478 1444 1610 1135 1624 1525 1730 1314 1386 1420 1274 1359 1363 1236 1501 1835 1117 1791 1116 1464 1980 1796 1905 1992 1368 1402 1532 1426 1037 1460 1034 1518 1574 1880 1234 1430 1333 1923 1335 1529 1326 1347 1693 1753 1436 1268 1507 1624 1094 1771 1848 1542 1426 1419 1379 1465 1880 1563 1586 1303 1529 1493 1357 1117 1619 1781 1089 1647 1787 1277 1014 1872 1555 1467 1751 1162 1341 1315 1771 1150 1321 1857 1253 1926 1571 1205 1945 1479 BCNSPRNW ULIB Ver.6.0+V

เปลี่ยนเป็นภาษาไทย

Change to English
 แสดงรายละเอียดบรรณานุกรม
  กลับหน้าหลัก

Brief Record : Get Marc (ISO 2709) : E-mail record : QR code < ปิดหน้าต่าง
LEADER : 00000nam a2200000Ia 4500
001    13399128087
003     ULIB
008    211006s2564 th a b 001 0 tha d
020    ^a9786165828123
040    ^absi
060 04 ^aWB460^bอ251ก
100 0  ^aอภิชัย วรรธนะพิศิษฐ์
245 10 ^aการส่งเสริมกิจกรรมทางกายและการให้คำปรึกษากิจกรรมทางกายในเวชศาสตร์ครอบครัว =^bPhysical activity promotion and physicalactivity counselling in family medicine /^cอภิชัยวรรธนะพิศิษฐ์
246 31 ^aPhysical activity promotion and physical activitycounselling in family medicine
250    ^aพิมพ์ครั้งที่ 1
260    ^aนครศรีธรรมราช :^bสำนักวิชาแพทยศาสตร์ มหาวิทยาลัยวลัยลักษณ์,^c2564
300    ^a(16), 216 หน้า :^bภาพประกอบ ;^c26 ซม.
504    ^aบรรณานุกรมท้ายบทและดรรชนีท้ายเล่ม
505 0  ^aแนวคิดกิจกรรมทางกายและสุขภาพในเวชศาสตร์ครอบครัว --การส่งเสริมกิจกรรมทางกายและการให้คำปรึกษากิจกรรมทางกายในเวชศาสตร์ครอบครัว -- การส่งเสริมกิจกรรมทางกายระดับชุมชน --การส่งเสริมกิจกรรมทางกายและการให้คำปรึกษากิจกรรมทางกายระดับบุคคล --การให้คำปรึกษากิจกรรมทางกายสำหรับโรคและภาวะที่พบบ่อยในเวชศาสตร์ครอบครัว --เทคโนโลยีและนวัตกรรมสำหรับการส่งเสริมกิจกรรมทางกายและการให้คำปรึกษากิจกรรมทางกาย -- การส่งเสริมกิจกรรมทางกายในความปกติใหม่
650  4 ^aการส่งเสริมสุขภาพ
650  4 ^aการออกกำลังกาย
650  4 ^aกายบริหาร
650  4 ^aเวชศาสตร์ครอบครัว
710 2  ^aมหาวิทยาลัยวลัยลักษณ์.^bสำนักวิชาแพทยศาสตร์
945    ^p420^l0^i29291
945    ^p420^l0^i29292
945    ^p420^l0^i29293
945    ^p420^l0^i29294
945    ^p420^l0^i29295
995    ^aกัณชพร จุลอักษร
999    ^aกัณชพร
รายการนี้ยังไม่มีแท็ก
คุณยังไม่ได้ล็อกอิน คุณสามารถมีกิจกรรมร่วมกับเว็บไซต์ได้ แต่ต้องล็อกอินก่อน ::
  ล็อกอิน

รายการสื่อสารสนเทศ

ลำดับที่ ประเภท เลขเรียก/บาร์โค้ด สถานที่ สถานะ
1. หนังสือสำรอง
หนังสือสำรอง
WB460 อ251ก ฉ.1 
  Barcode: 29291
ห้องสมุดวิทยาเขตนครสวรรค์
►หนังสือทั่วไป:l:General Books
บนชั้น
2. วิทยาศาสตร์การแพทย์ และสุขภาพ
วิทยาศาสตร์การแพทย์ และสุขภาพ
WB460 อ251ก ฉ.2 
  Barcode: 29292
ห้องสมุดวิทยาเขตนครสวรรค์
►หนังสือทั่วไป:l:General Books
บนชั้น
3. วิทยาศาสตร์การแพทย์ และสุขภาพ
วิทยาศาสตร์การแพทย์ และสุขภาพ
WB460 อ251ก ฉ.3 
  Barcode: 29293
ห้องสมุดวิทยาเขตนครสวรรค์
►หนังสือทั่วไป:l:General Books
บนชั้น
4. วิทยาศาสตร์การแพทย์ และสุขภาพ
วิทยาศาสตร์การแพทย์ และสุขภาพ
WB460 อ251ก ฉ.4 
  Barcode: 29294
ห้องสมุดวิทยาเขตนครสวรรค์
►หนังสือทั่วไป:l:General Books
บนชั้น
5. วิทยาศาสตร์การแพทย์ และสุขภาพ
วิทยาศาสตร์การแพทย์ และสุขภาพ
WB460 อ251ก ฉ.5 
  Barcode: 29295
ห้องสมุดวิทยาเขตนครสวรรค์
►หนังสือทั่วไป:l:General Books
บนชั้น

รายการใกล้เคียง
    ผู้แต่ง [อภิชัย วรรธนะพิศิษฐ์]

    หัวเรื่อง [การส่งเสริมสุขภาพ]
    หัวเรื่อง [การออกกำลังกาย]
    หัวเรื่อง [กายบริหาร]
    หัวเรื่อง [เวชศาสตร์ครอบครัว]

BibComment


ยังไม่เคยถูกคอมเมนท์

คอมเมนท์ทรัพยากรรายการนี้
  คอมเมนท์: การส่งเสริมกิจกร..


 Copyright 2026. Bcnsprnw @Library